000 00645nam a2200205Ii 4500
003 JO-AjNU
008 230605s9999||||xx |||||||||||||| ||und||
017 _a2014/5/2054
040 _aJO-AjNU
_bara
_erda
_cJO-AjNU
041 _aara
050 1 4 _aQC981.8.G56 A283 2014
100 3 _aابو دية، ايوب,
_eauthor
_956788
245 0 0 _aظاهرة الاحتباس الحراري
264 3 1 _aعمان:وزارة الثقافة، 2014
300 _a138ص
336 _atext
_btxt
_2rdacontent
337 _aunmediated
_bn
_2rdamedia
338 _avolume
_bnc
_2rdacarrier
650 4 _aالاحتباس الحراري-وقاية
_956789
999 _aA25410
_c28978
_d28978